00750 a2200229 4500003000400000005001700004007000300021008004100024020001800065040000900083082001900092100003000111245012100141264004400262300004300306490002200349504002700371650002800398650001600426700003000442830004800472OSt20230831123741.0ta230218s2016 mx a||||r|||| 001 0 spa d a9789587780376 cCHAP00222a657.7bT861 aTrujillo Navarrete, Jorge10aMatemáticas financieras y decisiones de inversión /cpor Jorge Trujillo Navarrete y Óscar Martínez Herrera. 1aCiudad de México :bAlfaomega,c2016. axxxi, 291 páginas:btablas, figuras.1 aAdministración. aIncluye bibliografía 4aFinanzasxMatemáticas 4aInversiones1 aMartínez Herrera, Oscar aAdministración.pContabilidad y finanzas.